000 01387nam a22003737a 4500
003 CHAP
005 20220817043053.0
008 971010s1985 r 00010 d
010 _a64577
011 _a65549
035 _a72493
040 _cCHAP
082 _a664.03
_bP3
100 0 0 _aParada Arias, Efrén.
_985433
245 _aInstituciones iberoamericanas y temática de investigación en tecnología de alimentos
260 _aMéxico, D.F. :
_bCONACYT,
_c1985
300 _a737 P.
590 _aBATCH-UPD
_b10
_c20130110
_lUCH01
_h0439
590 _aBATCH-UPD
_b10
_c20130110
_lUCH01
_h2150
590 _aBATCH-UPD
_b10
_c20130410
_lUCH01
_h0115
590 _aBATCH-UPD
_b10
_c20130410
_lUCH01
_h1555
590 _aBATCH-UPD
_b10
_c20130914
_lUCH01
_h0146
590 _aCONVERSION
_b10
_c20130109
_lUCH01
_h1335
650 1 4 _aAlimentos y alimentación del ganado
_xDirectorios.
_94334
650 1 4 _aAlimentos
_xTecnologia
_xDirectorios.
_94288
650 1 4 _aAlimentos
_xTecnologia
_xInvestigacion.
_94290
710 0 _aConsejo Nacional de Ciencia y Tecnología. México.
710 0 _aInstituto de Cooperación Iberoamericana.
_959109
901 _aBK
942 _cLIBRO
949 _a664.03 P3
_bBC
_cC
_d33724000668612
_eC
_gI.130998
_h550
_i72493
_si
949 _a664.03 P3
_bCIESTAM
_cLIBRO
_d724931
_eLIBRO
_h21
_i72493
_sb
949 _a664.03 P3
_bZA
_cLIBRO
_d-5200
_eLIBRO
_h5068
_i72493
_si
999 _c64577
_d64577